[Event "Lichtenrader Herbst 2011"]
[Site "Berlin"]
[Date "2011.10.16"]
[Round "9.19"]
[White "Müller, Tobias"]
[Black "Ruytenberg, Ronald"]
[Result "1-0"]
[WhiteElo "2079"]
[BlackElo "2091"]
[PlyCount "87"]
[EventDate "2011.??.??"]
[WhiteTeam "SK Marmstorf GW Harburg"]
[BlackTeam "SG Overschie"]

1. c4 Nf6 2. g3 e6 3. Bg2 d5 4. Nf3 Be7 5. O-O O-O 6. b3 b6 7. Bb2 Bb7 8. e3 c5
9. d4 dxc4 10. bxc4 cxd4 11. exd4 Nbd7 12. Nc3 Rc8 13. Qe2 Qc7 14. Nd2 Bxg2 15.
Kxg2 Rfe8 16. Rac1 a6 17. Kg1 Qb8 18. Rfd1 e5 19. d5 Nc5 20. Nde4 Nfxe4 21.
Nxe4 f5 22. Nxc5 Bxc5 23. Qh5 g6 24. Qf3 Qd6 25. a3 Rc7 26. Kg2 Rf7 27. Qc3 Kf8
28. Rc2 e4 29. Re2 Ke7 30. Bc1 Kd7 31. Qb3 Ra8 32. Bf4 Qf6 33. Qa4+ Ke7 34. h4
Kf8 35. d6 Qd8 36. Bg5 Qd7 37. Be7+ Ke8 38. Qc2 Ra7 39. Qc3 Qe6 40. Qh8+ Kd7
41. Qb8 b5 42. Rd5 f4 43. Rxc5 f3+ 44. Kh2 1-0